000 00780nam a22002777a 4500
001 121358
003 UA-OsUOA
005 20220425174539.0
007 ta
008 20170320b un ||||| |||| 00| 0 ukr d
020 _a5875180161
040 _aUA-OsUOA
_brus
_cUA-OsUOA
_dUA-OsUOA
041 _arus
080 _a821.161.1
090 _a821.161.1
_bР58
100 _aРоббинс Х.
245 _aНикогда не люби незнакомца. Стилет
_bроманы
260 _aСтаврополь
_bКаисса
_c1992
300 _a510 с.
505 _gТ. 2
591 _aДімаров А.
650 7 _a821 Художня література
_2UDC
942 _cBK
_2udc
955 _a3
999 _c407365
_d407365